[Event "ESP-ch U12 rapid"]
[Site "Salobrena"]
[Date "2023.07.16"]
[Round "8"]
[White "Presas Gharbi, Rayan"]
[Black "Massana Navarro, Abril"]
[Result "1-0"]
[WhiteElo "1423"]
[BlackElo "1238"]
[PlyCount "137"]
[EventDate "2023.07.15"]
[EventType "swiss (rapid)"]
[EventRounds "9"]
[EventCountry "ESP"]
[SourceTitle "EXT 2024"]
[Source "ChessBase"]
[SourceDate "2023.10.10"]
[SourceVersion "1"]
[SourceVersionDate "2023.10.10"]
[SourceQuality "1"]

1. e4 c6 2. Nf3 d5 3. Nc3 Bg4 4. h3 Bxf3 5. Qxf3 e6 6. d3 Bd6 7. Be2 Nf6 8. Bf4 0-0 9. 0-0 Qc7 10. Bxd6 Qxd6 11. Qe3 Nbd7 12. f4 dxe4 13. dxe4 Qc5 14. Qxc5 Nxc5 15. e5 Nd5 16. Nxd5 cxd5 17. c4 Rfd8 18. Rad1 dxc4 19. Bxc4 a6 20. Kf2 Na4 21. b3 Nc3 22. Rxd8+ Rxd8 23. b4 Rd2+ 24. Kf3 Nxa2 25. Bxa2 Rxa2 26. Rc1 g6 27. Rc8+ Kg7 28. Rb8 Ra3+ 29. Kf2 Ra2+ 30. Kf3 Ra3+ 31. Kf2 Rb3 32. Rxb7 a5 33. b5 a4 34. Ra7 Rxb5 35. Rxa4 Rb2+ 36. Kg3 Rb3+ 37. Kg4 Rb2 38. g3 h6 39. Ra3 Rg2 40. h4 h5+ 41. Kh3 Rg1 42. Ra2 Rd1 43. Ra3 Rg1 44. Kh2 Re1 45. Kg2 Re2+ 46. Kf3 Re1 47. Re3 Rf1+ 48. Ke4 Rg1 49. Kd4 Rd1+ 50. Kc5 Rc1+ 51. Kd6 Rd1+ 52. Ke7 Rb1 53. Rd3 Rb7+ 54. Rd7 Rb3 55. Rd8 Rxg3 56. Rf8 Rg4 57. Rxf7+ Kh6 58. Kxe6 Rxh4 59. Ke7 g5 60. fxg5+ Kxg5 61. e6 Re4 62. Kd7 Rd4+ 63. Ke8 Ra4 64. Rd7 h4 65. e7 h3 66. Kf7 Rf4+ 67. Kg7 h2 68. e8Q h1Q 69. Qg6+ 1-0